Arrêts de bus du réseau LeMet' - Metz - Statistiques

Statistiques générales
  • Ce quiz a été pris 118 fois
  • Le résultat moyen est 51 sur 448
Statistiques - réponses
Communes Lignes Arrêts % Correct
Metz L1 L2 L3 L4 L5 MA MB C11 C12 République
90%
Metz L1 L2 L3 L5 MA MB C11 C13 C14 P103 P111 Roi George
83%
Metz L1 L3 L4 L5 MA MB C11 C12 C13 C14 TER Gare
81%
Metz L3 L4 L5 MA C15 P106 P107 P111 Square du Luxembourg
67%
Metz L5 MB Centre Pompidou-Metz
57%
Woippy L3 C16 P105 Woippy - Hôtel de Ville
53%
Metz L4 MA MB C12 Seille
50%
Woippy L3 Woippy Château
48%
Woippy MA P+R Woippy
45%
Metz L1 L4 C11 Saint-Nicolas
43%
Ars-Laquenexy P112 Ars-Laquenexy
40%
Ars-sur-Moselle P103 TER Ars-sur-Moselle
40%
Saint-Julien-lès-Metz C11 P108 Cimetière
40%
Metz L4 L5 C15 P106 P107 Fort-Moselle
40%
Ars-Laquenexy MB Hôpital Mercy
40%
Vantoux C13 Les Moulins
40%
Amanvillers P106 Amanvillers Mairie
38%
Moulins-lès-Metz L5 C14 Moulins
38%
Metz MB Saulcy
38%
Moulins-lès-Metz L1 C17 Tournebride
38%
Metz L1 L2 C13 C14 P101 P102 Bon Secours
36%
Moulins-lès-Metz L5 Saint-Jean
36%
Montigny-lès-Metz L1 Litaldus - Hôtel de Ville
34%
Montigny-lès-Metz L3 Saint-Privat
34%
Augny P102 Augny Mairie
33%
Moulins-lès-Metz L1 C17 Cité SNCF
33%
Metz MA MB Hôpital Legouest
33%
Marly L2 Marly
33%
Saint-Privat-la-Montagne P107 Saint-Privat-la-Montagne
33%
Metz MA Saint-Vincent
33%
Metz L4 L5 C15 P106 P107 Tignomont
33%
Metz MA MB Félix Alcan
31%
Metz MB Graham Bell
31%
Longeville-lès-Metz L5 Longeville
31%
Lorry-lès-Metz P106 Lorry Grand'Rue
31%
Metz MA MB Moyen Pont
31%
Montigny-lès-Metz / Metz L1 C14 Botanique
29%
Marly L2 L3 C13 P101 Costes et Bellonte
29%
Metz L3 C17 Église
29%
Metz L4 MB P112 Grandes Écoles
29%
Rozérieulles L5 Maison Neuve
29%
Metz L3 MA Pontiffroy
29%
Scy-Chazelles L5 Scy-Bas
29%
Metz MA MB Cimetière de l'Est
28%
Metz L5e Hauts-de-Magny
28%
Vantoux C14 C17 Hôpital Schuman
28%
Metz L5e Magny-aux-Bois
28%
Peltre MB Maternité
28%
Metz L4 C15 P106 P107 Nicolas Jung
28%
Metz L3 P111 Préfecture
28%
Metz MA TER René Cassin
28%
Roncourt P107 Roncourt
28%
Roncourt P107 Roncourt Centre
28%
Roncourt P107 Roncourt Église
28%
Metz L5f P113 Saint-Roch
28%
Amanvillers P106 Amanvillers Grand'Rue
26%
Metz MA MB Belletanche
26%
Marly L2 Hôtel de Ville
26%
Moulins-lès-Metz C14 Moulins Mairie
26%
Metz MA MB C14 Provence
26%
Metz L3 MA P+R Rochambeau
26%
Metz L3 P111 Saint-Georges
26%
Metz L3 P101 P102 P103 P111 Arènes
24%
Metz MB Cité U
24%
Metz L5 C17 P113 Lothaire
24%
Plappeville C15 Plappeville
24%
Metz P101 P102 P103 P108 P111 P113 TER Pôle d'Échange Multimodal (PEM)
24%
Le Ban-Saint-Martin L5 Saint-Martin
24%
Metz L4 C15 P106 P107 Colibri
22%
Montigny-lès-Metz L1 C14 Europa Courcelles
22%
Metz L3 MA Georges Bernanos
22%
La Maxe P111 La Maxe
22%
Ars-sur-Moselle P103 Saint-Paul
22%
Saulny P107 Saulny Centre
22%
Vernéville P103 Vernéville
22%
Moulins-lès-Metz L1 C17 Alger
21%
Metz L3 Boilvin
21%
Metz C13 Corchade
21%
Cuvry P101 Cuvry
21%
Metz / Le Ban-Saint-Martin L4a C11 C15 Félix Maréchal
21%
Longeville-lès-Metz L5 Leclerc
21%
Metz L3 Patrotte
21%
Metz MB P+R Foire Expo
21%
Montigny-lès-Metz L1 Saint-Quentin
21%
Châtel-Saint-Germain L5 Serret
21%
Metz MB Arts et Métiers
19%
Metz L4 C15 P106 P107 Buchoz
19%
Lorry-lès-Metz P106 P107 Carrefour
19%
Metz L2 C13 P101 P102 Charles Pêtre
19%
Coin-lès-Cuvry P101 Coin-les-Cuvry
19%
Coin-sur-Seille P101 Coin-sur-Seille
19%
Le Ban-Saint-Martin L5 C11 Foch
19%
Gravelotte P103 Gravelotte Église
19%
Metz MA C12 Jules Michelet
19%
Metz L4 Le Lac
19%
Woippy L3c L3d Le Pâtis
19%
Metz L2 C13 P101 P102 Mangin
19%
Montigny-lès-Metz L1 C15 Nation
19%
Le Ban-Saint-Martin L5 Pont de Verdun
19%
Saint-Julien-lès-Metz C11 P108 Saint-Julien Église
19%
Saint-Julien-lès-Metz P108 Saint-Julien Fort
19%
Metz L4b P106 P107 Sansonnet
19%
Plappeville C15 Stade
19%
Metz L1 C11 C13 P108 Tanneurs
19%
Moulins-lès-Metz C14 Alsace
17%
Metz C11 C13 P108 Arsenal
17%
Metz L5e L5f Aubépine
17%
Metz MB C12 C17 François Arago
17%
Montigny-lès-Metz / Metz L1 C14 Génie
17%
Sainte-Ruffine L5 Haie Brûlée
17%
Montigny-lès-Metz L3 Jérusalem
17%
Amanvillers P106 Les Plaquettes
17%
Metz L3 P111 Quai Vautrin
17%
Metz L3 Saint-Livier
17%
Montigny-lès-Metz L1 Saint-Victor
17%
Metz L2 C13 P101 P102 Vaillant
17%
Saint-Privat-la-Montagne P107 18 Août
16%
Metz C12 Chappe
16%
Féy P102 Féy Village
16%
Metz MB Guyenne
16%
Metz L4 C15 P106 P107 La Moyne
16%
Lorry-lès-Metz P107 Lavandières
16%
Scy-Chazelles L5 Liberté
16%
Metz L1 C11 C13 P108 Mazelle
16%
Amanvillers P106 Paul Bilaine
16%
Amanvillers P106 Petit Coeur
16%
Saulny P107 Place Publique
16%
Pouilly P113 Pouilly
16%
Saint-Privat-la-Montagne P107 Abbé Bauzin
14%
Lorry-lès-Metz P106 Ateliers Municipaux
14%
Metz L1 Berne
14%
Saulny P107 Briey
14%
Metz L4 C12 C17 Goussel
14%
Metz MA Hauts de Blémont
14%
Metz MB Henri Bergson
14%
Metz L3 Lafayette
14%
Metz MA C14 Les Bordes
14%
Augny P102 Lotissement
14%
Mey C13 Mey-les-Vignes
14%
Nouilly C13 Nouilly-Centre
14%
Metz L4 C17 Peupliers
14%
Plappeville L4b Prés Saint-Jacques
14%
Metz L3 P111 Rimport
14%
Saulny P107 Rue de Metz
14%
Montigny-lès-Metz L2 C15 P101 P102 Saint-André
14%
Montigny-lès-Metz L2 C15 P101 P102 Séminaire
14%
Lorry-lès-Metz P106 Chapelle
12%
Metz L4 C12 C17 Claudel
12%
Metz MA C14 Cloutiers
12%
Metz L5 P113 Dembour
12%
Lorry-lès-Metz P106 P107 Frières
12%
Metz L4 Grigy
12%
Saint-Privat-la-Montagne P107 Hameau Jérusalem
12%
Metz L4 C12 C17 Hestaux
12%
Amanvillers P106 Justice
12%
Marly L2 P101 Les Sorbiers
12%
Marieulles P102 Marieulles
12%
Longeville-lès-Metz L5 Migette
12%
Montigny-lès-Metz L2 P101 P102 Prévôté
12%
Vany P108 Vany
12%
Montigny-lès-Metz C14 8 Mai 45
10%
Metz L5f P113 Acacias
10%
Montigny-lès-Metz C15 Blory
10%
Longeville-lès-Metz L5 Casino
10%
Metz MA Colombey
10%
Montigny-lès-Metz L3 Colson
10%
Metz / Woippy MA C16 Deux Fontaines
10%
Woippy MA Docteur Charcot
10%
Metz MA Émile Roux
10%
Scy-Chazelles L5 En Prille
10%
Metz L5 P113 Faubourg
10%
Metz L4 Friant
10%
Marly L2 P101 Grange-aux-Ormes
10%
La Maxe P111 IKEA
10%
Metz MA C16 P105 P110 Intendants Joba
10%
Metz L4a C15 La Butte
10%
Laquenexy P112 Laquenexy
10%
Metz L3 C17 Lavoir
10%
Metz L5 P113 Lemud
10%
Metz L4a C15 Les Vignes
10%
Metz / Montigny-lès-Metz C13 C15 Loges
10%
Montigny-lès-Metz C13 Mermoz
10%
Metz L4 C12 C17 Oberling
10%
Metz L1 Oeillets
10%
Metz C17 Piscine Olympique
10%
Marly L2 Place de Gaulle
10%
Moulins-lès-Metz L1 C17 Rotonde
10%
Saint-Privat-la-Montagne P107 Rue des Écoles
10%
Woippy L3 Saules
10%
Saint-Julien-lès-Metz C11 P108 Terres Rouges
10%
Montigny-lès-Metz L1 C17 Touraine
10%
Metz L5 P113 Vandernoot
10%
Metz C11 P111 Verlaine
10%
Marly C13 P102 11e d'Aviation
9%
Metz L4b Bauchez
9%
Chieulles P108 Chieulles
9%
Metz L4 Collignon
9%
Vaux P103 Croisement RD6
9%
Metz L3 Daga
9%
Metz L4 Ducrocq
9%
Metz C11 C13 P108 Fournier
9%
Metz C12 Gendarmerie
9%
Metz L4 Hermite
9%
Montigny-lès-Metz L2 P101 P102 Jeanne d'Arc
9%
Montigny-lès-Metz L3 C15 C17 La Horgne
9%
Moulins-lès-Metz L1 C17 Lotissement Industriel
9%
Lorry-Mardigny P102 Mardigny
9%
Metz L4a C15 Mirabelles
9%
Metz L3 Paquet
9%
Metz L5f P113 Petit Clou
9%
Metz L1 Petites Soeurs
9%
Metz L5 P113 Pierné
9%
Metz C15 P111 Poincaré
9%
Pournoy-la-Chétive P101 Pournoy-la-Chétive
9%
Metz L3 C17 Quatre Vents
9%
Féy P102 RD66
9%
Moulins-lès-Metz L1 C17 Vosges
9%
Metz L1 Alsace-Lorraine
7%
Metz L5e Beausoleil
7%
Metz P111 Blida
7%
Metz L5 P113 Bouchotte
7%
Plappeville L4b Cailloux
7%
Metz / Le Ban-Saint-Martin C11 Castors
7%
Marly L2 P101 Garennes
7%
Plappeville C15 La Croix
7%
Marly L2 Largentier
7%
Marly L2 P101 Les Clos
7%
Metz L1 Metman
7%
Metz L1 C11 C13 P108 Paraiges
7%
Woippy C16 Place de France
7%
Metz L3 Quatre Bornes
7%
Roncourt P107 Raymond Mondon
7%
Woippy L3 Rose Marcus
7%
Montigny-lès-Metz C13 Saint-Ladre
7%
Moulins-lès-Metz C14 Savoie
7%
Saint-Julien-lès-Metz C11 C13 P108 Tannerie
7%
Metz / Le Ban-Saint-Martin C11 Tortue
7%
Moulins-lès-Metz C14 Trois Haies
7%
Ars-sur-Moselle P103 Verdun
7%
Marieulles P102 Vezon
7%
Montigny-lès-Metz L3 C17 Volontaires
7%
Metz L5e Apremont
5%
Pouilly P113 Arbalétriers
5%
Metz L5e Armoisières
5%
Metz L1 Artilleurs
5%
Marly P101 Belle Fontaine
5%
Metz C14 Bernard
5%
Saint-Julien-lès-Metz C13 Billotte
5%
Metz C15 Canal
5%
Plappeville L4b Clette
5%
Metz L3 Dalès
5%
Metz L1 Fougères
5%
Augny P101 Gare d'Augny
5%
Metz L1 Jacinthes
5%
Metz C13 Jousse
5%
Metz L1 Juin
5%
Marly L2 Les Écoles
5%
Montigny-lès-Metz C14 Les Friches
5%
Montigny-lès-Metz C17 Lilas
5%
Montigny-lès-Metz L3 C15 C17 Lyautey
5%
Montigny-lès-Metz L3 Marguerite
5%
Montigny-lès-Metz C14 C15 Meurisse
5%
Roncourt P107 Mine
5%
Longeville-lès-Metz C11 Palais des Sports
5%
Metz L4 C12 P112 Passotte
5%
Marly L2 Paul Joly
5%
Metz L5e Plateau
5%
Moulins-lès-Metz C14 Préville
5%
Metz L5f Roseaux
5%
Montigny-lès-Metz C13 C17 Simminger
5%
Metz C12 C17 Symphonie
5%
Vernéville P103 Télégraphe
5%
Montigny-lès-Metz L3 Vacons
5%
Montigny-lès-Metz C14 Vergers
5%
Longeville-lès-Metz C11 Villas
5%
Metz C17 Ampère
3%
Metz C12 Ariane
3%
Vantoux C13 Barbé
3%
Longeville-lès-Metz C11 Beau Rivage
3%
Woippy P105 Bellevue
3%
Metz C14 Bourgogne
3%
Saint-Julien-lès-Metz C11 Bouzonville
3%
Coin-lès-Cuvry P101 Cèdre Bleu
3%
La Maxe P111 Centrale
3%
Metz P111 Chambière
3%
Vernéville P103 Chantrenne
3%
Montigny-lès-Metz C14 Chatrian
3%
La Maxe P111 Chenevières
3%
Montigny-lès-Metz C15 Chocolaterie
3%
Ars-sur-Moselle P103 Clemenceau
3%
Moulins-lès-Metz C14 Constantine
3%
Woippy C16 Côteaux
3%
Montigny-lès-Metz C14 C15 Couvents
3%
Marly L2 Croix Saint-Joseph
3%
Metz L4 C12 P112 Doliche
3%
Metz C13 Dunant
3%
Metz L4 C12 Falogne
3%
Montigny-lès-Metz C14 Fossé
3%
La Maxe P111 Franclonchamps
3%
Saint-Julien-lès-Metz C11 Frênes
3%
Woippy C16 P105 TER Gare de Woippy
3%
Metz L1 Génivaux
3%
La Maxe P111 Grange aux Dames
3%
Saint-Julien-lès-Metz C11 Grimont
3%
Montigny-lès-Metz C14 Haut-Rhèle
3%
Saint-Julien-lès-Metz C11 Hêtres
3%
Woippy L3d Jean Laurain
3%
Metz C13 J. P. Jean
3%
Metz L4 La Dame
3%
Metz L5e La Plaine
3%
Metz P111 Les Silos
3%
Moulins-lès-Metz C14 P103 Lorraine
3%
Marly C13 P102 Luette
3%
Vernéville P103 Malmaison
3%
Metz C12 C17 Marconi
3%
Metz / Le Ban-Saint-Martin C11 Marne
3%
Noisseville C13 Mas au Lièvres
3%
Metz L1 Maujean
3%
Lorry-Mardigny P102 Notre Dame
3%
Metz L5e Obelliane
3%
Noisseville C13 Pinots Mêlés
3%
Saint-Julien-lès-Metz C11 Pins
3%
Metz L1 Pivoines
3%
Metz C14 Pont Rouge
3%
Metz P111 Port de Metz
3%
Metz L5e Roosevelt
3%
Woippy L3 Rucher
3%
Marly L2 Saint-Brice
3%
Le Ban-Saint-Martin C11 Saint-Sigisbert
3%
Montigny-lès-Metz C15 Schaff
3%
Ars-sur-Moselle P103 Schwalbach
3%
Metz C12 C17 Sébastopol
3%
Metz L1 Stoxey
3%
Montigny-lès-Metz C15 C17 Sugnon
3%
Ars-sur-Moselle P103 Temple
3%
Metz C12 Trois Évêchés
3%
Metz L5f Valériane
3%
Le Ban-Saint-Martin C11 Victoire
3%
Montigny-lès-Metz C17 19 Novembre
2%
Moulins-lès-Metz C14 Ardèche
2%
Ars-Laquenexy P112 Aubigny
2%
Woippy P110 Berlange
2%
Metz C16 Boileau
2%
Chieulles P108 Breuil
2%
Plappeville C15 Brion
2%
Saint-Julien-lès-Metz C11 Carrières
2%
Cuvry P101 Champagne
2%
Lorry-Mardigny P102 Chanoine Ritz
2%
Pouilly P113 Chèvre Haie
2%
Metz C12 Côteaux de la Seille
2%
Montigny-lès-Metz C17 Coubertin
2%
Woippy L3 Coupillon
2%
Plappeville C15 Croix d'Orée
2%
Metz L4 C12 P112 Cuvion
2%
Woippy P110 D953
2%
Metz C12 Devilly
2%
Saint-Julien-lès-Metz C11 Érables
2%
Nouilly C13 Falée
2%
Vantoux C13 Fonny
2%
Woippy C16 P110 Gambetta
2%
Metz C14 Ganne
2%
Metz C12 Giraudoux
2%
Augny P102 Glissu
2%
Ars-sur-Moselle P103 Jean Ferrat
2%
Metz C13 Jugan
2%
Woippy C16 P105 Jungling
2%
Metz L1 Jura
2%
Lorry-Mardigny P102 La Corvée
2%
Coin-lès-Cuvry P101 La Pommeraie
2%
Le Ban-Saint-Martin C11 Lardemelle
2%
Noisseville C13 Les Chaulmes
2%
Metz L1 Lorient
2%
Roncourt P107 Masarieulles
2%
Metz C17 Metzanine
2%
Metz L3 Morlot
2%
Metz C13 My Mangenot
2%
Metz C14 Nonnetiers
2%
Augny P102 Orly
2%
Moulins-lès-Metz C14 Pâquerettes
2%
Longeville-lès-Metz C11 Pépinières
2%
La Maxe P111 Pierret
2%
Saint-Julien-lès-Metz P108 Poste EDF
2%
Metz C17 Potiers d'Étain
2%
Nouilly C13 Pressoir
2%
Metz L1 Raphaël Lévy
2%
Metz C12 Rose Gonthier
2%
Metz L4b Roussel
2%
Metz C14 Route de Borny
2%
Gravelotte P103 Rue d'Ars
2%
Montigny-lès-Metz C17 Saint-Exupéry
2%
Metz C12 Saint-Maximin
2%
Woippy P110 Saint-Remy
2%
Metz / Le Ban-Saint-Martin C11 Saint-Simon
2%
Metz C14 Sarre
2%
Metz C13 Saulnois
2%
Metz C14 C17 Serruriers
2%
Metz C12 C17 Solidarité
2%
Metz C12 Tivoli
2%
Metz L4 Trente Jours
2%
Montigny-lès-Metz C15 Vacquinière
2%
Gravelotte P103 Verlin
2%
Moulins-lès-Metz C14 Vieilles Eaux
2%
Woippy C16 Chapitre
0%
Montigny-lès-Metz C15 Charles Quint
0%
Ars-Laquenexy P112 Chevrottes
0%
Montigny-lès-Metz C17 Clément Ader
0%
Pouilly P113 Colombier
0%
Montigny-lès-Metz C15 Cugnot
0%
Metz C16 De Chardin
0%
Metz C17 Drapiers
0%
Metz C12 Duployé
0%
Metz C12 Faurnel
0%
Metz C14 Feivres
0%
Metz C12 Général Frère
0%
Metz C12 Grandmaison
0%
Noisseville C13 Gros Noyers
0%
Saint-Julien-lès-Metz C11 Haut Soret
0%
Metz C14 Lacretelle
0%
Woippy P105 Ladonchamps
0%
Coin-lès-Cuvry P101 Le Chaveau
0%
Augny P102 Libération
0%
Cuvry P101 Louvière
0%
Pouilly P113 Mahire
0%
Montigny-lès-Metz C17 Marc Sangnier
0%
Saint-Julien-lès-Metz C11 Marronniers
0%
Plappeville C15 Momène
0%
Noisseville C13 Pensées
0%
Montigny-lès-Metz C17 Ponsard
0%
Woippy C16 Poulmaire
0%
Laquenexy P112 Pré Net
0%
Metz C12 Puymaigre
0%
Metz C12 Roederer
0%
Woippy C16 Roget
0%
Metz C14 Ruelle Chêneau
0%
Woippy C16 P110 Ruisseau
0%
Montigny-lès-Metz C15 Sablières
0%
Woippy P105 Sainte-Agathe
0%
Vany P108 Salette
0%
Metz C17 Selliers
0%
Metz C12 Seulhotte
0%
Pouilly P113 Thermes
0%
Saint-Julien-lès-Metz C11 Tilleuls
0%
Metz C12 Treize
0%
Ars-Laquenexy P112 Vécrin
0%
Cuvry P101 Vignottes
0%
Laquenexy P112 Villers
0%
Vany P108 Villers l'Orme
0%
Woippy P110 Zone Hergott
0%
Aucun quiz correspondant
Distribution des résultats
% des personnes avec chaque résultat
Percentile par nombre de réponses
Votre historique - résultats
Vous n’avez pas pris ce quiz